[Event "American Continental-ch 2018"]
[Site "Montevideo"]
[Date "2018.06.04"]
[Round "5"]
[White "Henriquez Villagra, Cristobal"]
[Black "Balzano, Ivan"]
[Result "1-0"]
[WhiteElo "2518"]
[BlackElo "2142"]
[Annotator "TA"]
[PlyCount "107"]
[EventDate "2018.??.??"]
[EventType "swiss"]
[EventCountry "URU"]
[SourceTitle "playchess.com"]
[Source "ChessBase"]
[SourceQuality "1"]

{[%evp 22,107,52,43,58,31,44,33,44,30,30,36,22,18,30,0,12,-30,-27,-77,-68,-85,-81,-96,-96,-106,-103,-106,-24,-25,-32,-170,-174,-210,-8,-22,-18,-214,-211,-342,-345,-1075,-333,-320,0,0,532,532,532,501,604,597,463,463,503,463,463,463,428,411,618,618,604,590,541,508,439,353,739,736,708,701,701,693,579,474,439,401,770,783,773,732,704,678,852,815,741,676]} 1. e4 c5 2. Nf3 Nc6 3. d4 cxd4 4. Nxd4 e5 5. Nb5 a6 6. Nd6+ Bxd6 7. Qxd6 Qe7 8. Qd1 Nf6 9. Nc3 d6 10. Be2 {B32: Sicilian: Löwenthal and Kalashnikov Variations} (10. Bc4 Be6 11. Bb3 h6 12. Be3 O-O 13. O-O Rac8 14. Qd2 Na5 15. Rad1 Nc4 16. Bxc4 Rxc4 17. Qxd6 Qxd6 18. Rxd6 {½-½ (39) Sarana,A (2577)-Sjugirov,S (2652) Batumi 2018}) 10... h6 11. Be3 O-O 12. O-O {LiveBook: 8 Games. White is slightly better.} b5 13. a4 $146 ({Predecessor:} 13. Qd2 Be6 14. Rfd1 Rac8 15. a4 b4 16. Nd5 Bxd5 17. exd5 Nb8 18. Qxb4 Rxc2 {1-0 (43) Mencinger,V (2401)-Mestek,I (2199) Ljubljana 2010}) 13... b4 14. Nd5 Nxd5 15. exd5 Nd4 $1 16. Bxd4 exd4 17. Re1 {Threatening Bxa6!} Qf6 18. Qd2 Bf5 19. Rad1 Rfc8 20. Rc1 a5 21. Bb5 Rc5 $1 22. Bc6 Rb8 23. h3 b3 24. cxb3 Rxb3 (24... Rxc1 $17 25. Qxc1 Rxb3) 25. Rxc5 $1 $11 dxc5 26. Qf4 (26. Bb5 $1 $15) 26... g5 $1 $19 {[%cal Rg5f4]} ({Inferior is} 26... Rxb2 27. g4 $16) 27. Qc7 Rxb2 $2 (27... d3 $1 $19 28. Rf1 d2) 28. d6 $1 $11 d3 {Strongly threatening ...Qd4.} 29. Bf3 $2 (29. Bd5 $1 $11) 29... d2 $1 $19 {[%cal Rd2e1]} 30. Re8+ (30. Rd1 {only move.} Qe5 31. Bh5) 30... Kg7 31. Kh2 $2 {[#]} (31. Qe7 Qxe7 32. dxe7) 31... Rb1 $2 ({Less strong is} 31... Qd4 32. d7 $17) (31... Bd7 $1 {[%mdl 512] ( -> ...Qf4+)} 32. Re4 {[#]} (32. Qxd7 Qf4+) 32... Qxf3 $1 {[%mdl 512]} 33. gxf3 d1=Q 34. Qxc5 Qxf3 35. Qd4+ Kg6 36. Qxb2 Bxh3) 32. Qe7 d1=Q $2 ({Black should play} 32... Qxe7 $19 33. dxe7 Kf6) 33. Bxd1 $11 Rxd1 $4 {[%mdl 8192] [#]} (33... Qxe7 $11 {and Black is okay.} 34. dxe7 Kf6) 34. Rg8+ $1 $18 {[%mdl 512]} Kxg8 35. Qxf6 {[%mdl 4096] Endgame KQ-KRB} Be6 36. Qxh6 Rd5 37. Qf6 c4 38. Qd8+ Kg7 39. Qc7 Kg6 40. f3 Kh7 (40... Rd3 $142 41. Qxa5 Rxd6) 41. Qxc4 Rxd6 42. Qe4+ Kh6 43. Qa8 Rd5 44. Qg8 Rf5 $2 (44... Rd2 45. Qb8 Rd5) 45. g4 Rxf3 46. Qh8+ Kg6 47. Qh5+ Kf6 48. Qh6+ Ke5 49. Qxg5+ Ke4 (49... f5 $142 50. Qd2 fxg4 51. Qxa5+ Kf6 52. hxg4 Bxg4 53. Qd8+ Ke5 54. Qb8+ Ke4 55. Qb4+ Kf5) 50. Qxa5 {White is clearly winning.} Bd5 51. Qb4+ Ke5 52. Qb2+ Kf4 53. Qd2+ Ke5 54. a5 {Precision: White = 50%, Black = 46%.} 1-0

[Event "American Continental-ch 2018"]
[Site "Montevideo"]
[Date "2018.06.04"]
[Round "5"]
[White "Vera Siguenas, Deivy"]
[Black "Cimer, Emanuel"]
[Result "1-0"]
[WhiteElo "2516"]
[BlackElo "2262"]
[Annotator "TA"]
[PlyCount "69"]
[EventDate "2018.??.??"]
[EventType "swiss"]
[EventCountry "URU"]
[SourceTitle "playchess.com"]
[Source "ChessBase"]
[SourceQuality "1"]

{[%evp 18,69,41,31,60,27,84,-2,84,66,84,86,87,86,104,25,17,-13,-22,-11,67,70,75,78,77,78,113,79,73,-25,45,36,33,37,35,42,40,40,85,80,91,97,66,75,100,79,134,131,166,27,314,315,304,260]} 1. d4 Nf6 2. c4 g6 3. Nc3 Bg7 4. e4 d6 5. h3 O-O 6. Be3 Nbd7 7. Nf3 e5 8. d5 Nc5 9. Qc2 a5 10. Be2 {LiveBook: 17 Games} a4 {E93: King's Indian: Classical: Petrosian System with 7...Nbd7} (10... Nh5 11. g3 f5 12. Bxc5 dxc5 13. Nd2 Nf6 14. Bd3 Ne8 15. O-O-O f4 16. g4 f3 17. Rdg1 Bh6 18. Kb1 {½-½ (48) Eingorn,V (2525)-Kozul,Z (2614) Bad Wiessee 2015}) 11. g4 Re8 $146 (11... c6 $11) ({Predecessor:} 11... c6 12. Nd2 Bd7 13. a3 cxd5 14. Bxc5 dxc5 15. exd5 Ne8 16. Nde4 b6 17. g5 f5 18. gxf6 Bh6 19. f7+ Rxf7 20. h4 {½-½ (34) Enescu,C (2371)-Laghetti,G (2425) ICCF email 2015}) 12. a3 ({White should play} 12. Nd2 $16) 12... Bd7 (12... Nb3 $1 $11 {remains equal.} 13. Rd1 Bd7) 13. Nd2 $16 Rf8 14. O-O-O c6 15. Rdg1 Ne8 16. g5 (16. h4 $16) 16... cxd5 $1 $11 17. exd5 Bf5 18. Nde4 b5 (18... Nxe4 $11 19. Nxe4 b5) 19. Bxc5 $14 (19. cxb5 $2 Nxe4 20. Nxe4 Rc8 $19) 19... dxc5 20. cxb5 Nd6 21. f3 Qb6 22. Kb1 c4 23. Qc1 (23. Ka1 $16) 23... Nxb5 (23... Rfc8 $11) 24. Nxb5 Qxb5 25. Bxc4 Qb6 26. Qd2 Rab8 27. Rc1 Rb7 28. Rhd1 Rfb8 {[%cal Rb6b2]} 29. Rc2 Bf8 {[#] White must now prevent ...Bxa3.} 30. d6 Rd8 31. Bd5 Rbb8 (31... Rxd6 $142 32. Ka1 Bxe4 33. fxe4 Rdd7) 32. Rc6 Qb5 {Threatens to win with ...Bxd6.} 33. Rc7 (33. Ka1 $18) 33... Bxe4+ $2 {[%mdl 8192] [#]} (33... Rxd6 $1 $11 {and Black is okay.} 34. Ka1 (34. Bxf7+ $2 Kh8 $19) 34... Rxd5 35. Nf6+ Kg7 36. Nxd5 Bd6) 34. fxe4 $18 Rxd6 35. Qf2 {Precision: White = 48%, Black = 25%.} ({Not} 35. Rxf7 Rxd5 36. Rxf8+ Kxf8 $16) ({Less strong is} 35. Bxf7+ Kh8 $16) 1-0

[Event "American Continental-ch 2018"]
[Site "Montevideo"]
[Date "2018.06.04"]
[Round "5"]
[White "Morovic Fernandez, Ivan"]
[Black "Grabinsky, Aaron"]
[Result "0-1"]
[WhiteElo "2513"]
[BlackElo "2296"]
[Annotator "TA"]
[PlyCount "78"]
[EventDate "2018.??.??"]
[EventType "swiss"]
[EventCountry "URU"]
[SourceTitle "playchess.com"]
[Source "ChessBase"]
[SourceQuality "1"]

{[%evp 17,78,13,21,23,16,0,28,16,14,11,32,17,37,24,77,35,29,2,17,4,-7,-18,-19,-36,-37,-81,-52,-72,-25,-67,-46,-61,-47,-91,-80,-70,-82,-97,-68,-108,-34,-116,8,23,56,-112,-113,-127,-118,-217,-219,-286,-202,-393,-388,-518,-515,-657,-634,-597,-331,-945,-939]} 1. c4 Nf6 2. Nc3 e5 3. Nf3 Nc6 4. e3 Bb4 5. Qc2 O-O 6. Nd5 Bc5 {A28: English Opening: Four Knights Variation} (6... Be7 7. a3 d6 8. Be2 Be6 9. Ng5 Bxd5 10. cxd5 Nb8 11. Qb3 Nbd7 12. d3 h6 13. Nf3 c6 14. dxc6 bxc6 {½-½ (39) Cheparinov,I (2710)-Kryvoruchko,Y (2689) Riadh 2017}) 7. Ng5 g6 8. Nxf6+ Qxf6 9. Ne4 Qe7 {LiveBook: 8 Games} 10. Be2 d6 11. a3 a5 12. b3 Ba7 13. Bb2 Be6 14. Nc3 Bf5 $146 15. d3 Qg5 (15... Nb8 $11) 16. g3 Bh3 17. Nd5 Qd8 18. Bf3 Nb8 {[%cal Bc6b8,Bb8d7,Bd7f6][%mdl 32]} 19. Nc3 c6 20. b4 Nd7 21. Rc1 axb4 22. axb4 Nf6 23. Ra1 Qd7 24. Ra5 {next Qa4 is good for White.} Qf5 25. Qe2 Bb6 26. Rxa8 Rxa8 27. Kd2 h6 28. Ne4 Ra2 (28... d5 $17 29. g4 Qe6 30. Nxf6+ Qxf6) 29. Kc2 (29. Rb1 $1 $15) 29... Bc7 {[#]} (29... d5 $17 30. c5 dxe4 31. dxe4 Qe6 32. cxb6 Nd7) 30. g4 $1 $11 {[%mdl 512]} Qe6 (30... Nxg4 31. Bxg4) 31. Nc3 $2 (31. Kb3 $1 $14 Ra8 32. Nxf6+ Qxf6 33. Rg1) 31... Ra8 $17 32. Rg1 d5 $36 {[%mdl 2048] Black has strong initiative.} 33. Rg3 (33. cxd5 $17 {was worth a try.} cxd5 34. Rg3) 33... e4 $19 34. cxd5 exf3 35. Qxf3 $2 (35. Rxf3 {was the only defense.} Qxg4 36. Rxf6 Qxb4 37. d6 Bxd6 38. Qf3) 35... Nxd5 36. Nxd5 cxd5 37. Rxh3 {White wants to play Qf6.} Be5 {[#] And now ...Qc6+ would win.} 38. d4 Qc6+ 39. Kb1 $2 (39. Kd1 Qa4+ 40. Ke1 Qxb4+ 41. Kf1) 39... Qc4 {Precision: White = 21%, Black = 41%.} 0-1

[Event "American Continental-ch 2018"]
[Site "Montevideo"]
[Date "2018.06.04"]
[Round "5"]
[White "Hoffman, Alejandro"]
[Black "Carvalho, Guillermo"]
[Result "1-0"]
[WhiteElo "2475"]
[BlackElo "2195"]
[Annotator "TA"]
[PlyCount "105"]
[EventDate "2018.??.??"]
[EventType "swiss"]
[EventCountry "URU"]
[SourceTitle "playchess.com"]
[Source "ChessBase"]
[SourceQuality "1"]

{[%evp 17,105,21,25,28,31,29,36,19,28,6,39,31,38,43,38,39,59,58,55,39,74,47,53,50,38,18,40,32,29,0,29,12,29,-5,22,11,2,2,17,3,43,46,40,0,0,0,0,0,133,172,151,77,97,87,140,119,110,112,133,112,214,226,349,353,364,198,449,141,143,141,141,141,183,148,156,30,82,82,118,272,124,162,651,405,12825,12830,12835,12835,12849,12849]} 1. Nf3 d5 2. c4 e6 3. g3 Nf6 4. Bg2 Be7 5. O-O O-O 6. d4 b6 7. cxd5 exd5 8. Nc3 Bb7 9. Bf4 c6 10. Qc2 {E18: Queen's Indian: Old Main Line (4 g3 Bb7 5 Bg2 Be7 6 0-0 0-0 7 Nc3)} Na6 11. Rad1 Re8 $146 ({Predecessor:} 11... Nc7 12. Ng5 g6 13. Rfe1 Nfe8 14. h4 Nd6 15. e4 dxe4 16. Ngxe4 Nxe4 17. Bxe4 {1-0 (27) Ghaem Maghami,E (2574)-Mousavi,S (2422) Sareyn 2017}) 12. a3 {White is slightly better.} Nc7 13. Be5 Bd6 14. e3 Qe7 15. Rfe1 Bxe5 16. Nxe5 Nd7 17. Nd3 Nf6 18. b4 g6 19. Qb3 Nb5 20. Nxb5 cxb5 21. Ne5 Rec8 22. Bh3 Rc7 23. f3 Bc8 24. Bf1 a6 25. a4 Bd7 26. Nxd7 Qxd7 27. axb5 axb5 28. Qd3 Ra4 29. Qxb5 Rc2 30. Qd3 Qc7 31. b5 Raa2 32. Re2 Rc3 (32... Rxe2 $11 {remains equal.} 33. Bxe2 Qe7) 33. Rxa2 $16 Rxd3 34. Rxd3 (34. Bxd3 $142 Qc3 35. Kf2) 34... g5 35. g4 h5 (35... Kg7 $142 36. Rda3 Qc1) 36. gxh5 Nxh5 37. Rg2 f6 38. f4 Kg7 (38... Qc1 $16 {keeps fighting.} 39. fxg5 Kf7) 39. fxg5 $18 fxg5 (39... f5 $142 40. Be2 Qc1+ 41. Kf2 Qc2) 40. Rxg5+ Kh6 41. Rxd5 (41. Rf5 $142) 41... Nf6 $2 {[#]} (41... Ng3) 42. Rf5 $2 (42. Re5 $1 $18 {is the precise move to win.}) 42... Ng4 $16 {[%csl Gg4][%cal Rc7h2]} 43. Rf4 Nxe3 44. Rf3 ({Much worse is} 44. Rxe3 $6 Qxf4 45. Rd3 Qg5+ 46. Kf2 Qf4+ 47. Kg2 Qg5+ 48. Kf2 Qf4+ 49. Kg1 Kg7 $11) 44... Nxf1 45. Rxf1 {[%mdl 4096] Endgame KQ-KRR} Qc4 46. Rh3+ (46. Rff3 $16) 46... Kg5 (46... Kg7 $1 $11) 47. Rg3+ Kh4 48. Rf4+ Kh5 49. Rgf3 Qg8+ $2 (49... Kg6 50. Rg4+ Kh5) 50. Kf2 {[#] Intending Rh3+ and mate.} Qa2+ (50... Qc4 $142 51. Kg3 Kg6 52. Rg4+ Kh6) 51. Kg3 $18 {White is clearly winning.} Qg8+ 52. Kh3 {White threatens Rh4+ and mate.} Qc4 53. Rf6 {Precision: White = 42%, Black = 32%.} 1-0

[Event "American Continental-ch 2018"]
[Site "Montevideo"]
[Date "2018.06.04"]
[Round "5"]
[White "Panjwani, Raja"]
[Black "Kapitanchuk, Tomas"]
[Result "1-0"]
[WhiteElo "2456"]
[BlackElo "2253"]
[Annotator "TA"]
[PlyCount "87"]
[EventDate "2018.??.??"]
[EventType "swiss"]
[EventCountry "URU"]
[SourceTitle "playchess.com"]
[Source "ChessBase"]
[SourceQuality "1"]

{[%evp 13,86,31,20,32,56,51,63,60,64,57,47,47,61,47,53,45,46,55,56,56,43,39,41,41,56,59,68,42,37,32,26,32,32,32,29,27,58,58,58,64,236,236,281,256,297,279,288,293,283,274,289,202,439,420,461,461,452,439,464,524,721,651,12834,12830,12835,12835,29988,29989,29989,29990,29990,29991,29992,29993,29999]} 1. d4 Nf6 2. c4 c5 3. d5 e6 4. Nf3 d6 5. Nc3 exd5 6. cxd5 g6 7. h3 Bg7 8. e4 {A61: Modern Benoni: Nf3 without early e4} a6 (8... O-O 9. Bd3 b5 10. Nxb5 Re8 11. Nc3 Nxe4 12. Bxe4 f5 13. O-O fxe4 14. Ng5 e3 15. Nce4 exf2+ 16. Nxf2 h6 17. Ne6 Bxe6 18. dxe6 Nc6 {½-½ (35) Mamedyarov,S (2768)-Matlakov,M (2694) Doha 2016}) 9. a4 Nbd7 10. Bd3 {White is slightly better.} Nh5 11. Bg5 Bf6 12. Bh6 Ne5 13. Be2 Nxf3+ 14. Bxf3 Ng7 15. Bf4 $146 O-O 16. O-O Qe7 17. Qd2 Bd7 18. a5 Be5 19. Bxe5 Qxe5 20. Na4 f5 21. Nb6 Bb5 22. Rfe1 Rae8 23. exf5 Qxf5 24. Bg4 $36 {[%mdl 2048] White has good play.} Qf7 25. Rxe8 Rxe8 26. Re1 Nf5 $2 (26... Rxe1+ $14 27. Qxe1 Qf6) 27. Rxe8+ $18 Bxe8 28. Nc8 Qd7 29. Bxf5 $1 gxf5 30. Qg5+ Bg6 31. Nb6 Qe8 32. h4 {[#] Threatens to win with h5.} Qe1+ $2 (32... Kf8 33. Qg3 Qd8) 33. Kh2 Qe5+ 34. f4 Qg7 35. Nc4 h6 36. Qd8+ Kh7 37. Nxd6 Qxb2 {[#]} 38. h5 $1 {[%mdl 512]} Bxh5 39. Nxf5 Qe2 40. Qd7+ {White mates.} Kg6 41. Ng3 Qg4 42. Qe8+ Kf6 43. Nxh5+ Kf5 44. Qe6# {Precision: White = 91%, Black = 48%.} 1-0

[Event "American Continental-ch 2018"]
[Site "Montevideo"]
[Date "2018.06.04"]
[Round "5"]
[White "Vazquez, Guillermo"]
[Black "Arias Bouzada, Jorge"]
[Result "1-0"]
[WhiteElo "2436"]
[BlackElo "2097"]
[Annotator "TA"]
[PlyCount "49"]
[EventDate "2018.??.??"]
[EventType "swiss"]
[EventCountry "URU"]
[SourceTitle "playchess.com"]
[Source "ChessBase"]
[SourceQuality "1"]

{[%evp 29,49,54,55,40,53,42,54,0,0,0,0,0,116,17,164,206,429,445,528,487,520,526]} 1. Nf3 c5 2. c4 Nf6 3. Nc3 g6 4. d4 cxd4 5. Nxd4 Bg7 6. e4 Nc6 7. Be3 O-O 8. Be2 d6 9. O-O Bd7 10. Qd2 Nxd4 11. Bxd4 Bc6 12. f3 a5 13. b3 Nd7 14. Bf2 Nc5 15. Rab1 h5 {LiveBook: 4 Games. B38: Sicilian: Maroczy Bind with 5...Bg7 and 7...0-0} 16. Bd1 {[#]} Qb8 $146 ({Predecessor:} 16... Qc7 17. a3 Rfc8 18. b4 axb4 19. axb4 Ra3 20. Rc1 Nb3 21. Bxb3 Rxb3 22. Rc2 Rxc3 23. Rxc3 Bxc3 24. Qxc3 {0-1 (38) Henrichs,T (2480)-Kuzubov,Y (2627) Reykjavik 2011}) 17. a3 {[%cal Ba2a3,Ba3b4,Bb4b5][%mdl 32]} Rc8 {White is slightly better.} 18. b4 (18. a4 $14) 18... axb4 $11 19. axb4 Ra3 20. Rc1 Na4 {[#]} (20... Nb3 $1 $11 {keeps the balance.} 21. Bxb3 Rxb3) 21. Bxa4 (21. Nb1 $1 $16 {[%cal Rb1a3]} Ra1 22. Bd4 Bxd4+ 23. Qxd4) 21... Bxa4 (21... Rxc3 $1 $11 {and Black has nothing to worry.} 22. Rxc3 Bxc3 23. Qxc3 Bxa4) 22. Nd5 $18 Kf8 $2 (22... Re8 23. Qg5 e6 24. Nf6+ Bxf6 25. Qxf6 e5) 23. b5 {White is clearly winning.} Bb3 24. Nb6 Rc7 25. Qb4 {Precision: White = 51%, Black = 34%.} 1-0

[Event "American Continental-ch 2018"]
[Site "Montevideo"]
[Date "2018.06.04"]
[Round "5"]
[White "Fernandez Cardoso, Alexey"]
[Black "Mareco, Sandro"]
[Result "0-1"]
[WhiteElo "2429"]
[BlackElo "2643"]
[Annotator "TA"]
[PlyCount "64"]
[EventDate "2018.??.??"]
[EventType "swiss"]
[EventCountry "URU"]
[SourceTitle "playchess.com"]
[Source "ChessBase"]
[SourceQuality "1"]

{[%evp 12,64,27,0,10,0,0,-10,-11,-16,16,14,15,15,10,7,4,10,12,-33,-18,-37,-26,-76,-76,-77,-77,-84,-62,-137,-155,-268,-277,-272,-235,-345,-350,-333,-320,-354,-218,-480,-483,-460,-459,-516,-518,-510,-333,-1370,-1302,-1560,-1480,-6545,-3506]} 1. e4 c6 2. d4 d5 3. e5 Bf5 4. Nf3 e6 5. Be2 Ne7 6. O-O c5 7. c3 Nec6 {B12: Caro-Kann: Advance Variation} 8. Nbd2 (8. a3 Be7 9. b4 cxd4 10. cxd4 a6 11. Be3 O-O 12. Nbd2 Nd7 13. Ne1 b5 14. f4 Bg6 15. g4 {0-1 (48) Inarkiev,E (2727)-Hammer,J (2621) Moscow 2017}) 8... Nd7 9. dxc5 Bxc5 {The position is equal.} 10. Nb3 Be7 $146 ({Predecessor:} 10... O-O 11. Nxc5 {½-½ (11) Reprun,N (2010)-Yakovleva,T (2001) Beer Sheva 2015}) 11. Nfd4 Bg6 12. f4 O-O 13. Be3 Nb6 14. Nd2 Rc8 {[%cal Ba8c8,Bc8c7,Bc7b7,Bb7b2][%mdl 32]} 15. Nxc6 bxc6 {[%cal Bb7c6,Bc6c5,Bc5c4][%mdl 32]} 16. Ba6 Rc7 17. a4 c5 18. a5 Nd7 19. Bb5 Nb8 20. Nf3 {[#]} ({White should play} 20. a6 $15) 20... Rb7 $1 $17 {[%cal Rb7b5]} 21. Qe2 {[#]} (21. c4 $17 {was worth a try.}) 21... c4 $1 $19 {And now ...Bd3 would win.} 22. Nd4 Bd3 23. Qg4 (23. Qe1 $142) 23... Bc5 24. Ba4 Rxb2 25. f5 Bxf5 26. Rxf5 $2 (26. Nxf5 {was the only chance.} exf5 27. Qg3) 26... exf5 27. Qg3 Qxa5 28. Bh6 {[%csl Gh6][%cal Rg3g7]} g6 29. e6 Nc6 30. e7 $2 (30. Qe3 Rbb8 31. Bxf8 Rxf8 32. g3) 30... Re8 {Black is clearly winning.} 31. Kf1 Nxd4 32. Re1 Qxa4 {Precision: White = 26%, Black = 84%.} 0-1

[Event "American Continental-ch 2018"]
[Site "Montevideo"]
[Date "2018.06.04"]
[Round "5"]
[White "Quintiliano Pinto, Renato R"]
[Black "Pichot, Alan"]
[Result "1/2-1/2"]
[WhiteElo "2423"]
[BlackElo "2564"]
[Annotator "TA"]
[PlyCount "37"]
[EventDate "2018.??.??"]
[EventType "swiss"]
[EventCountry "URU"]
[SourceTitle "playchess.com"]
[Source "ChessBase"]
[SourceQuality "1"]

{[%evp 17,37,47,61,0,0,0,0,0,0,2,0,0,5,11,14,16,25,10,21,23,32,0]} 1. d4 Nf6 2. c4 e6 3. Nf3 d5 4. Nc3 dxc4 5. e4 b5 6. e5 {D24: Queen's Gambit Accepted: 3 Nf3 Nf6 4 Nc3} Nd5 7. Nxb5 Nb6 8. Be2 Nc6 9. O-O Be7 {LiveBook: 14 Games} 10. Na3 (10. Be3 $14) (10. Be3 O-O 11. Qd2 Rb8 12. Rfd1 Bb7 13. b3 {0-1 (55) Wojtaszek,R (2750)-Duda,J (2724) Warsaw 2018}) 10... Bxa3 $1 $11 11. bxa3 O-O 12. Be3 Bb7 13. Rc1 Qd5 $146 14. Qc2 {aiming for Ng5.} Ne7 15. Rfd1 ({Much worse is} 15. Bxc4 Qxc4 16. Qxc4 Nxc4 $17) 15... Rab8 16. Bf1 Nf5 17. Bxc4 Nxc4 18. Qxc4 Qe4 19. d5 1/2-1/2

[Event "American Continental-ch 2018"]
[Site "Montevideo"]
[Date "2018.06.04"]
[Round "5"]
[White "Thavandiran, Shiyam"]
[Black "Cruz, Cristhian"]
[Result "1/2-1/2"]
[WhiteElo "2417"]
[BlackElo "2576"]
[Annotator "TA"]
[PlyCount "98"]
[EventDate "2018.??.??"]
[EventType "swiss"]
[EventCountry "URU"]
[SourceTitle "playchess.com"]
[Source "ChessBase"]
[SourceQuality "1"]

{[%evp 16,98,19,7,30,7,33,25,64,31,37,20,31,31,36,32,42,18,28,28,29,12,12,22,46,-7,8,-7,-7,0,0,-9,91,89,178,104,244,139,151,147,183,92,133,49,97,62,83,0,60,-14,-17,-17,-13,-20,0,0,0,-23,0,0,0,0,25,25,25,25,25,0,8,8,14,8,11,14,15,0,0,0,0,0,0,0,0,0,0]} 1. e4 e5 2. Bc4 Nf6 3. d3 Nc6 4. Nc3 Na5 5. Nge2 Be7 6. a4 {C28: Vienna Game: 2...Nf6 3 Bc4 Nc6} Nxc4 7. dxc4 O-O 8. O-O d6 9. b3 {LiveBook: 11 Games} (9. Qd3 Be6 10. b3 c6 11. Ba3 Qc7 12. Rfd1 Rfd8 13. Qe3 h6 14. h3 {1-0 (48) Anand,V (2783)-Santos Latasa,J (2542) Leon 2017}) 9... Kh8 $146 ({Predecessor:} 9... c6 10. Ba3 Qc7 11. Qd3 Rd8 12. Ng3 Bf8 13. Rfd1 Be6 14. h3 {0-1 (33) Chigaev,M (2531)-Vavulin,M (2604) Moscow 2017}) 10. Bb2 Ng8 11. Nd5 c6 12. Ne3 Nh6 13. Ng3 f6 14. Qd3 Be6 15. Rad1 Qc7 16. Kh1 Rad8 {[%cal Ba8d8,Bd8d7,Bd7e7][%mdl 32]} 17. Qe2 Rd7 18. Nh5 Re8 19. f4 Bf8 20. Rf2 ({White should try} 20. f5 $14 Bf7 21. Ng3) 20... Bf7 21. Rdf1 exf4 22. Rxf4 Rde7 23. Ng3 d5 (23... Bg6 $11 {keeps the balance.}) 24. Qf2 $1 $16 Kg8 {[#]} (24... d4 $16 {was necessary.} 25. Bxd4 Rd7) 25. cxd5 (25. Rh4 $1 $18) 25... cxd5 {[#]} (25... Bg6 $16) 26. Nxd5 (26. Rh4 $1 $18) 26... Bxd5 27. exd5 Qd7 28. Nh5 (28. c4 $18) 28... f5 29. Ng3 (29. c4 $16) 29... Ng4 30. Qd4 Ne3 $1 {[%cal Re3f1]} 31. Rg1 (31. Nxf5 $16 {White wants to mate with Nh6+!} Nxf5 32. Rxf5 Qxf5 33. Rxf5 Re1+ 34. Qg1) 31... Nxc2 ({Better is} 31... Rf7 $11) 32. Qd3 (32. Qf2 $1 $14 Ne1 33. Nxf5 (33. Rxf5 Nd3 $15)) 32... Ne3 $11 33. Nxf5 Rf7 {[%cal Rf7f5]} 34. g4 Qxd5+ 35. Qxd5 Nxd5 36. Rd4 Nf6 37. g5 Ng4 38. Rf4 Re2 {[%csl Gg4][%cal Re2h2]} 39. Rgxg4 g6 40. Bf6 {Black must now prevent Nd4.} gxf5 41. Rg2 Re1+ {The position is equal.} 42. Rg1 Rxg1+ 43. Kxg1 {[%mdl 4096] Endgame KRB-KRB} h6 {And now ...hxg5 would win.} 44. Rxf5 Be7 45. h4 Kh7 46. Kg2 hxg5 47. hxg5 Kg6 48. Rb5 Bxf6 49. gxf6 Kxf6 {Precision: White = 36%, Black = 36%.} 1/2-1/2

[Event "American Continental-ch 2018"]
[Site "Montevideo"]
[Date "2018.06.04"]
[Round "5"]
[White "Gemy, Jose Daniel"]
[Black "Perez Ponsa, Federico"]
[Result "1/2-1/2"]
[WhiteElo "2393"]
[BlackElo "2556"]
[Annotator "TA RC"]
[PlyCount "67"]
[EventDate "2018.??.??"]
[EventType "swiss"]
[EventCountry "URU"]
[SourceTitle "playchess.com"]
[Source "ChessBase"]
[SourceQuality "1"]

{[%evp 10,67,-37,-61,18,12,22,12,22,8,24,0,0,0,7,0,0,-23,-22,-16,-16,-40,-32,-33,-24,-34,-35,-95,-89,-134,-87,-122,-109,-107,-79,-79,-79,-78,-63,-77,-56,-78,-82,-135,-99,-175,-83,-77,-40,-35,0,0,0,-12,0,0,0,-8,0,0]} 1. e4 c5 2. Nf3 d6 3. c3 Nf6 4. h3 Nc6 5. d4 cxd4 6. cxd4 d5 {B50: Sicilian: 2...d6, Miscellaneous} (6... Nxe4 $15 7. Nc3 d5) (6... Nxe4 7. d5 Qa5+ 8. Nc3 Nxc3 9. bxc3 Ne5 10. Qb3 Nd7 11. Be3 Qc7 12. Be2 Nf6 13. Bd4 g6 14. Bb5+ {½-½ (31) Okhotnik,V (2467)-Koepke,C (2404) Austria 2012}) 7. exd5 $11 Nxd5 8. Nc3 e6 9. Bc4 $146 ({Predecessor:} 9. Bd3 Be7 10. O-O O-O 11. Bc2 b6 12. Re1 Nxc3 13. bxc3 Ba6 14. Ne5 Nxe5 15. Rxe5 {0-1 (21) Bongartz,P (2143)-Sulzbach,S (2195) Germany 2014}) 9... Bb4 10. Bd2 O-O 11. a3 Be7 12. O-O Bf6 13. Be3 Nxc3 14. bxc3 b6 15. Qe2 Bb7 16. Rfd1 Na5 17. Ba2 Rc8 18. Ne5 (18. Rac1 $15) 18... Rxc3 $17 19. Bd2 Rc7 ({Stronger than} 19... Rxa3 20. Bb4 $11) ({Much weaker is} 19... Qxd4 $6 20. Bxc3 Qxc3 21. Nd7 $11) 20. Bxa5 bxa5 21. Qb5 Bxe5 22. Qxe5 Rd7 23. Rac1 Qa8 24. Rd3 Bd5 25. Rg3 {[%csl Gg3][%cal Re5g7] [#]} g6 $1 26. Bb1 (26. Bb3 $142) 26... Qb8 27. Qf6 (27. Bd3 $17 {was worth a try.}) 27... Qb2 (27... Rc8 $19 {has better winning chances.} 28. Rxc8+ Qxc8) 28. Rgc3 Qb7 29. h4 $1 {[%cal Bh3h4,Bh4h5][%mdl 32] Black must now prevent h5!} Qb8 ({Don't play} 29... Bxg2 $6 {[#]} 30. h5 $1 $16 {[%mdl 512]}) 30. h5 {White wants to mate with h6.The position is equal.} Qd8 31. Qe5 Qb8 32. Qf6 {White threatens h6 and mate.} Qd8 33. Qe5 Qb8 34. Qf6 {Precision: White = 46%, Black = 39%.} 1/2-1/2